[Event "TCh-ESP Final"]
[Site "Lugo ESP"]
[Date "2006.11.04"]
[Round "2"]
[White "Svidler, Peter"]
[Black "Ponomariov, Ruslan"]
[Result "0-1"]
[WhiteElo "2750"]
[BlackElo "2703"]
[Annotator "Illescas, M"]
[PlyCount "94"]
[EventDate "2006.11.03"]
[EventType "team"]
[Source "EDAMI"]
[SourceDate "2006.12.20"]

1. e4 {Totalmente previsible. A lo largo de su carrera han sido contadas las
ocasiones en que Svidler ha iniciado el juego de otro modo. El ruso presenta
unas estadísticas formidables con peón rey y resulta difícil obtener una buena
posición de apertura contra él, tal como pudo comprobar Ivanchuk el día
anterior cuando su Defensa Pirc fue barrida del tablero.} e6 {Ponomariov
e de un repertorio muy completo con negras frente a 1.e4. Normalmente responde
con sus favoritas Siciliana o Española, aunque ha utilizado la Caro-Kann y
anteriormente la Pirc como armas sorpresa. Recientemente, ha incorporado
además la Francesa a su arsenal, jugando con ella unas diez partidas en los
últimos años. Semejante variedad hace muy difícil prepararse contra este rival
y de este modo queda servido el duelo: la especialización de Svidler contra la
flexibilidad de Ponomariov.} 2. d4 d5 3. Nc3 {En sus años mozos el de San
Petersburgo empleaba exclusivamente la variante Tarrasch (3.Nd2) hasta que a
finales de los 90 empezó a alternarla con la textual, que encaja mejor con su
estilo emprendedor. Curiosamente, a partidas rápidas prefiere la variante del
avance (3.e5), seguramente para no mostrar sus ideas en las líneas principales.
Con las tres ha obtenido excelentes resultados.} Bb4 {La variante Winawer -
donde normalmente las negras ceden este alfil - se considera muy arriesgada a
este nivel, aunque Ponomariov ya la había empleado con anterioridad por lo que
no debió suponer una sorpresa para Svidler.} 4. e5 c5 5. a3 {Svidler no es de
los que rehuyen el duelo teórico y elije normalmente las líneas principales
como campo de batalla, como en esta ocasión.} Bxc3+ 6. bxc3 {Se alcanza de
este modo la posición clave de la Winawer. Las blancas han logrado la pareja
de alfiles y ventaja de espacio en el centro y flanco de rey mientras que las
negras disfrutan de una interesante iniciativa en el sector opuesto.} {
DIAGRAMA 1} Nc6 {La textual, cuya reputación es algo inferior a las clásicas 6.
..Ne7 o 6...Qc7, ya había sido empleada por Ponomariov en la última ocasión en
que se le presentó esta posición, aunque por el desarrollo de la apertura
podríamos aventurarnos a afirmar que pilló a su rival algo desprevenido.} 7.
Nf3 {Una respuesta sosa que no parece plantear grandes problemas a las negras.}
({La jugada principal es} 7. Qg4 {que fuerza el debilitamiento} g6 {
La partida Cheparinov,I-Ponomariov,R, Cuernavaca 2006 siguió:} 8. Nf3 Bd7 9.
Qf4 f5 10. h4 h6 11. Bd2 c4 12. a4 Qa5 13. Be2 Nge7 14. O-O O-O-O 15. Rfb1 Rdg8
16. Rb5 Qd8 17. Qg3 Na5 {y ambos bandos tienen dificultades para llevar
adelante sus planes de ataque. Finalizó en tablas en la jugada 85, tras dura
lucha.}) 7... Bd7 8. a4 Qa5 9. Qd2 {Las blancas juegan de forma análoga a las
variantes que se dan tras 6...Ne7 pero las negras tratarán de aprovechar la
diferencia en su favor.} f6 $1 {Este avance es ahora muy efectivo ya que las
negras podrían retomar en f6 de caballo.} 10. Rb1 $146 {Una novedad.} ({
En uno de los pocos precedentes disponibles en esta posición, las negras
recibieron un serio correctivo tras un juego poco cuidadoso por su parte:} 10.
Be2 fxe5 11. Nxe5 Nxe5 12. dxe5 O-O-O $6 (12... Ne7) 13. O-O Nh6 14. c4 $1 Qc7
$2 (14... Qxd2 15. Bxd2 Nf5) 15. cxd5 Qxe5 16. Rb1 $1 exd5 17. Qa5 $3 Bc6 (
17... Qxe2 $2 18. Bf4 $1) 18. Re1 b6 19. Qxa7 Qc7 20. Ba6+ Bb7 21. Bf4 {
1-0 Hase,J-Dolezal,C, Buenos Aires 1998}) 10... O-O-O $1 {
Planteando una aguda lucha con enroques opuestos.} ({
Una alternativa más tímida era} 10... b6) 11. Rb5 $2 {
Con esta y su siguiente jugada Svidler pierde un peón sin apenas compensación.}
({Merece atención} 11. Bb5 $5) 11... Qxa4 {DIAGRAMA 2} 12. Be2 $6 {
Poco consecuente.} ({
En opinión de Ivanchuk había que seguir, "para bien o para mal", con} 12. Rxc5
{aunque es probable que Svidler omitiera al iniciar la aventura con su torre
que ahora tras} a6 $1 {la ambiciosa pieza queda atrapada. Tras} 13. Bd3 b6 14.
Rxc6+ Bxc6 15. Qe2 {
hay algo de compensación aunque en mi opinión resulta insatisfactoria.}) 12...
c4 $1 {Cerrando el flanco de dama a las piezas enemigas y obligando a las
blancas a perder tiempos.} 13. Rb1 Nge7 14. O-O Ng6 {Las negras han
consolidado la ventaja material y además presionan con fuerza el centro rival.
Su ventaja es clara.} 15. Bb2 {Normalmente el plan de Qd2 se complementa con
Ba3 pero aquí las blancas deben perder un nuevo tiempo para lograr la deseada
ubicación de su alfil dama.} Qa5 $1 {Justo a tiempo la dama negra se reagrupa
lejos del alcance de las fuerzas enemigas.} 16. Ra1 Qc7 {La presión sobre e5
es insostenible y las blancas deben tomar una difícil decisión.} 17. Ba3 {
Svidler entrega un segundo peón para complicar el juego.} ({La alternativa} 17.
exf6 gxf6 {no resulta atractiva ya que las negras refuerzan su centro y
disponen de posibilidades de ataque por la columna g.}) 17... fxe5 {DIAGRAMA 3}
18. Ng5 $2 {Está claro que el ruso no tenía su día. Con este lance desesperado
las blancas abandonan el centro permitiendo además un juego relativamente
fácil a su rival} ({Más resistencia ofrecía} 18. dxe5 {aunque tras} Ngxe5 $1 ({
Si} 18... Ncxe5 19. Nxe5 Qxe5 20. Bc5 {
las blancas obtienen algunas posibilidades de ataque.}) 19. Nd4 Nxd4 20. cxd4
Nc6 {el caballo en c6 parece defender de forma adecuada el enroque de las
negras y cabe concluir que la compensación por dos peones es claramente
insuficiente.}) 18... exd4 19. f4 ({Lamentablemente para Svidler tras} 19. cxd4
Qf4 {se vería obligado a cambiar damas, perdiendo toda esperanza.}) 19... dxc3
{El peón de f6 concluye su largo viaje habiendo capturado consecutivamente
tres peones enemigos.} 20. Qe3 ({Si} 20. Qxc3 {sigue} Nxf4) 20... e5 $1 {
"Pono" acierta a encontrar el camino más fácil, entregando calidad pero
logrando a cambio una gran masa de peones.} 21. Nf7 exf4 22. Qxc3 Be6 23. Nxh8
Rxh8 {Con nada menos que cuatro peones por la calidad la ventaja material de
las negras es absolutamente decisiva. La suerte está echada y Ponomariov se
muestra muy seguro en la fase de realización.} {DIAGRAMA 4} 24. Bc5 b6 25. Bf2
Rd8 26. Bf3 Nge5 27. Bd4 Nxf3+ 28. Rxf3 g5 29. Bf6 Rg8 30. Qd2 Qd6 31. Bd4 Kb7
32. Rfa3 Re8 33. Ra6 Bg4 34. Qc3 {DIAGRAMA 5} Nxd4 $1 {El caballo negro ya ha
cumplido su misión defensiva y ahora Ponomariov acierta a devolver material
para asegurarse el cambio de damas.} 35. Qxd4 Qe5 36. Rxa7+ Kc6 37. Qxe5 Rxe5
38. Rxh7 Bf5 {A cambio de ceder dos peones de torre de escaso valor las negras
han logrado simplificar la posición, mejorando la posición de sus piezas y
pasando a un final ganado.} {DIAGRAMA 6} 39. Rh6+ Kc5 40. c3 Re3 41. Rh5 ({Tras
} 41. Rc1 Be4 42. Rh5 g4 43. Rg5 g3 {las blancas quedan atadas de pies y manos}
) 41... Rxc3 {El resto no tiene historia.} 42. Rxg5 Be4 43. h4 b5 44. h5 Rg3
45. Rxg3 fxg3 46. h6 c3 47. Kf1 b4 {Y Svidler abandonó} 0-1

[Event "TCh-ESP Final"]
[Site "Lugo ESP"]
[Date "2006.11.04"]
[Round "2"]
[White "Shirov, Alexei"]
[Black "Jakovenko, Dmitrij"]
[Result "1-0"]
[WhiteElo "2720"]
[BlackElo "2671"]
[Annotator "Rodríguez, Am"]
[PlyCount "89"]
[EventDate "2006.11.03"]
[EventType "team"]
[Source "EDAMI"]
[SourceDate "2006.12.20"]

{La presente partida tiene un alto valor teórico pues se debate una candente
variante de la Española, que precisamente elegí para mi sección "El
Alquimista" en la Revista Todo Teoría número 10 de Agosto.} 1. e4 e5 2. Nf3 Nc6
3. Bb5 a6 4. Ba4 Nf6 5. O-O Be7 6. Re1 b5 7. Bb3 d6 8. c3 O-O 9. h3 Re8 10. d4
Bb7 11. Ng5 Rf8 12. Nf3 Re8 13. a4 h6 14. Nbd2 Bf8 15. Bc2 exd4 16. cxd4 Nb4
17. Bb1 c5 18. d5 Nd7 19. Ra3 f5 20. g4 {En el citado artículo había analizado
también 18.exf5?!, 18.Rae3 y 18.Nh2. La jugada que emplea Shirov es una de las
más agresivas y tuvo como momento culminante la victoria de Kasimdzhanov sobre
Ivanchuk en la Olimpiada de Turín.} f4 {Visto el fracaso de Ivanchuk, esta
jugada se mantiene como la opción más  sólida, aunque la presente partida
demuestra que no es capaz de resolver los problemas para las negras.} (20...
fxg4 21. hxg4 Ne5 22. g5 $1 Bc8 23. Nxe5 Qxg5+ 24. Rg3 Qxe5 25. Nf3 Qh5 26. Kg2
{la acción de las dos torres hace que el ataque blanco sea muy fuerte,
Kasimdzhanov-Ivanchuk, Turin 2006}) 21. Nb3 c4 (21... g5 22. axb5 axb5 23. Bd2
$14 {De Firmian-ivanov, Philadelphia 1993.}) 22. Bd2 $5 {La interesante
novedad de Shirov, que busca alguna definición en el flanco dama antes de
saltar con su caballo a d4. Las negras enfrentan ahora varias alternativas,
dificiles de calcular sobre el tablero.} (22. Nbd4 Nc5 23. Bxf4 Qf6 24. Bh2
Nbd3 25. Bxd3 cxd3 26. axb5 axb5 27. Rxa8 Bxa8 28. b4 Nxe4 29. Qxd3 Bxd5 30.
Qxb5 {y se acordó el empate en Hellers-Almasi,Z Malmo 1994}) 22... a5 (22...
Nxd5 {permite la desagradable} 23. Na5) (22... cxb3 {
es una opción válida, a la cual sigue} 23. Bxb4 a5 (23... bxa4 24. Rxa4 a5 25.
Bc3 Nc5 26. Ra1 {con idea de 27.Qd2 tocando en a5 y f4}) 24. Bc3 $5 b4 25. Rxb3
Nc5 26. Bd4 Nxb3 27. Qxb3 {con tremendo juego por la calidad.}) 23. Nbd4 Nc5 {
Ahora estamos en Hellers-Almasi pero con el peón negro avanzado a a5, dejando
vulnerable la casilla b5. Las blancas aprovechan para tomar ese camino.} 24.
axb5 (24. Nxb5 $5 {era también interesante.}) 24... Nbd3 25. Bxd3 cxd3 ({A} 
25... Nxd3 {seguiría} 26. Rxd3 cxd3 27. Bxf4 {
y no se puede pedir más por apenas una calidad.}) 26. Nc6 Qb6 27. Nfd4 Nxe4 28.
Rxd3 Qc5 ({Si las negras defendían su peón con} 28... g5 {Abrían una peligrosa
diagonal en contra de su propio rey, que las blancas podrían aprovechar
mediante alguna jugada sencilla como} 29. Qc2) 29. Bxf4 a4 30. Rde3 Nf6 31.
Rxe8 Rxe8 $2 ({Más resistencia ofrecía} 31... Nxe8 {
aunque después de algún salto de caballo como} 32. Nf5 {
las blancas estarían en condiciones de penetrar rápidamente vía e7 ó similar.})
32. Rxe8 Nxe8 33. Qxa4 ({Con todo el respeto para un super táctico como Alexei,
pero para mi gusto una jugada como} 33. Qe1 $1 {
hubiera llevado a un desenlace más rápido.}) 33... Nf6 (33... Qxd5 34. Qa7) 34.
Ne6 Qxd5 35. Ned8 Bc8 (35... Bxc6 36. bxc6 Ne8 37. Qa7) 36. b6 {Las negras
n perdidas y antes de abandonar prueban suerte con un intento desesperado, que
Alexei refuta tranquilamente.} Nxg4 37. hxg4 Bxg4 38. Nd4 Qe4 39. Qb3+ d5 40.
Qe3 Qg6 41. b7 Bd6 42. Bxd6 Bf3+ 43. Kf1 Qb1+ 44. Qe1 Qd3+ 45. Kg1 1-0

[Event "Hoogeveen Crown"]
[Site "?"]
[Date "2006.10.23"]
[Round "2"]
[White "Polgar, Judit"]
[Black "Topalov, Veselin"]
[Result "1-0"]
[WhiteElo "2710"]
[BlackElo "2813"]
[Annotator "Rogers, I"]
[PlyCount "77"]
[EventDate "2006.10.??"]
[EventType "tourn"]
[EventRounds "6"]
[EventCountry "NED"]
[Source "EDAMI"]
[SourceDate "2006.12.20"]

1. e4 c5 2. Nf3 d6 3. d4 cxd4 4. Nxd4 Nf6 5. Nc3 a6 6. Be3 e6 7. g4 h6 8. Bg2
g5 $5 {Un tema normal en esta línea, para asegurar un caballo en e5. A Polgar
le hubiera gustado} (8... e5 9. Nf5 g6 10. Qe2 $1 gxf5 11. exf5 {
con buena compensación por la pieza.}) 9. Qe2 Nbd7 10. O-O-O Ne5 11. h3 {
"Lamentablemente no puedo jugar} (11. f4 {debido a} gxf4 12. Bxf4 Nfxg4 13. h3
Ng6 $1 {," dijo Polgar.}) 11... Nfd7 ({Contra} 11... b5 {Topalov temía} 12. Nc6
$1 {donde las negras deben jugar} Qc7 {pues} (12... Nxc6 13. e5 Bb7 14. exf6
Qxf6 {lleva a} 15. Nxb5 $1 {Sin embargo, entonces Topalov vió}) 13. Nxe5 dxe5
14. h4 Rg8 15. hxg5 hxg5 16. f3 {
donde las negras tienen siempre que vigilar la debilidad de g5.}) 12. f4 gxf4
13. Bxf4 b5 14. Rhf1 Bb7 15. Qf2 Rc8 {"Yo estaba feliz de ver esta jugada,"
dijo Polgar, "puesto que ya no podrás enrocarte en el flanco de dama."  Polgar
sugirió} (15... Rh7 $5 {pero Topalov no quería hacer una jugada tan fea sin
necesidad. Su primera idea era}) (15... Bg7 16. Kb1 Qa5 ({evitando el truco} 
16... Qc7 $2 17. Ndxb5 $1 {antes de preferir la inmediata})) (15... Qa5 16. Kb1
O-O-O {"y ahora estoy bien" dijo Topalov.  Polgar no estaba tan segura - ella
pensaba que si podía jugar b3 y maniobrar con su alfil a b2, las blancas
podían mantener alguna presión.}) 16. Nce2 Bg7 {Tras la partida, Topalov no
estaba satisfecho con su elección. "Probablemente tengo que jugar} (16... h5 $5
{," dijo.  "No estoy segura de que eso sea bueno para tí," replicó Judit,
dando la variante} 17. gxh5 ({Polgar también sugirió} 17. g5 h4 18. g6 $1 {
que también resulta buena para las blancas.}) 17... Qc7 18. Kb1 Nc5 19. Ng3 {
(la idea de Topalov era que el caballo no puede ahora saltar de g3 a h5. Si
embargo...)} Na4 20. Bc1 Nc4 21. Qf6 {y Topalov estuvo de acuerdo en que las
negras estaban en dificultades.  Entonces Veselin analizó}) (16... Be7 17. Kb1
Qb6 18. b3 $1 (18. Ng3 Bh4 {
era la razón por la que Topalov quería su alfil en e7, pero tras} 19. Qe2 {
"No es un gran logro" admitió Topalov.}) 18... h5 19. Be3 Nc5 {Aquí el análisis
post-mortem de los jugadores se paró, con Topalov razonablemente satisfecho,
pero Polgar diciendo "Creo que esto es peligroso". La intuición de Judit
estuvo acertada, puesto que tras} 20. Nf3 $1 {las negras están indefensas.})
17. Ng3 {Polgar admitió que esta idea no era original; "Vishy me ganó una vez
con esta maniobra de Ng3-h5."} Rh7 18. Nh5 Bh8 19. Kb1 Nc5 $6 {
La alternativa principal de Topalov era} (19... Qb6 20. b3 {- "Pero aún no es
fácil para las negras" dijo.  No obstante, éste era el camino correcto para
las negras, ya que la jugada de la partida permite a Polgar un sorprendente
truco táctico.}) 20. Bg3 {Ambos jugadores estaban calculando constantemente
varios sacrificios, pero ambos omitieron que ahora era el momento, para las
blancas, de jugar} (20. Nf5 $3 {con idea de que tras} exf5 21. Bxe5 Bxe5 22.
Qxf5 {las blancas ganan material.}) 20... Nxe4 {
"Si no tomo el peón e, mi plan es simplemente una estupidez," dijo Topalov.}
21. Bxe4 Bxe4 22. Bh4 Qc7 23. Bf6 $1 Bg6 $1 24. Bxh8 Rxh8 25. Nf6+ Kd8 {
Ninguno de los jugadores encontró una victoria forzada tras} (25... Ke7 {
pero tampoco confiaban en la posición de las negras.}) 26. h4 $1 Qc5 $2 ({"} 
26... h5 {es peligroso, claro está; pero lo que jugué es simplemente perdedor"
explicó Topalov. Los jugadores analizaron} 27. Rfe1 (27. gxh5 Bxh5 28. Rd2 Nc4
29. Rd3 Ne5 30. Rg3 {
era otra linea que Polgar creía que debía ser buena para las blancas.}) 27...
Ke7 {y ahora las blancas pueden ganar la calidad con} 28. gxh5 Bxc2+ $1 29.
Nxc2 Qxc2+ 30. Qxc2 Rxc2 31. Kxc2 Kxf6 32. Rxd6 Rxh5 {
aunque la tarea técnica podía no ser tan simple para el blanco.}) 27. h5 Bh7 {#
} 28. Qh4 $1 Bxc2+ 29. Nxc2 $1 {La mayoría de espectadores pensaban que} (29.
Ka1 {hubiera sido más fácil, pero Topalov había preparado} Qa7 $1 {diciendo "És
ta era mi idea. Parece completamente perdedor, pero no veo nada malo"  Polgar
no había visto esa defensa  - "Yo sólo ví que 29.Nxc2 ganaba y jugué así." Sin
embargo, sólo le costó unos pocos minutos a la táctica jugadora húngara
durante el análisis post-mortem encontrar} 30. Nxe6+ $3 fxe6 31. Nd5+ Ke8 32.
Qf6 $1 {donde el ataque de las blancas se abre paso.}) 29... Qxc2+ 30. Ka1 Rc4
{La mejor opción, de acuerdo a ambos jugadores. Después de} (30... Ke7 31. Nd5+
Kf8 32. Ne7 {la doble amenaza 32.Nxc8 y 32.Ng6+ decide.}) 31. Ne4+ Kc7 32. Nxd6
Rf4 (32... Nd3 {pierde de corrido tras} 33. Qe7+ Kc6 34. Nxc4 bxc4 35. Rb1) 33.
Qe7+ {"Yo pensaba que} (33. Qh1 {
también ganaba" dijo Polgar, "hasta que me dí cuenta de} Nd3 $1 {."}) 33... Kb6
34. Qb7+ Ka5 {#} 35. Qa7 $1 {El remate más bonito. Topalov esperaba} (35. Rb1 {
contra lo que no vio nada mejor que} Ra4 36. Rbc1 $1 {
- "!Con la torre correcta!"  bromeó Topalov - y las negras deben rendirse.})
35... b4 {"La única forma de evitar el mate" dijo Polgar.} (35... Rxf1 {
pierde por} 36. Nb7+ Kb4 37. Qd4+ Nc4 (37... Qc4 {or} 38. Qd2+ Ka4 39. Qa5#)
38. Qc5+ Ka4 39. b3+ {etc.}) 36. Rfe1 $1 {
Las negras no pueden defenderse contra la doble amenaza de 37.Rxe5+ y 37.Rc1.}
Nf3 37. Rc1 Nxe1 38. Rxc2 Nxc2+ 39. Kb1 1-0